000 01114nam a22002411i 4500
001 181160
003 ES-MaACL
005 20250814081457.0
008 121025s1911 sp |||| | spa d
080 _a58(063)
100 1 _aLázaro e Ibiza, Blas,
_d1858-1921
_970800
245 1 0 _aMemoria sobre el Tercer Congreso Interancional de Botánica /
_cpor Blas Lázaro e Ibiza y José Madrid y Moreno.
260 _aMadrid :
_bJunta para Ampliación de Estudios e Investigaciones Científicas,
_c1911.
300 _aP. 183-211 ;
_c24 cm.
490 1 _aAnales de la Junta para Ampliación de Estudios e Investigaciones Científicas ;
_v5, memoria 4
611 2 7 _aCongreso Internacional de Botánica
_n(3º.
_d1910.
_cBruselas)
_2
_9151724
650 4 _aBotánica-
_vCongresos y asambleas.
_9161793
700 1 _aMadrid Moreno, José.
_975358
710 2 _aJunta para la Ampliación de Estudios e Investigaciones Científicas.
_95413
830 1 _aAnales de la Junta para Ampliación de Estudios e Investigaciones Científicas ;
_v5, memoria 4
_9186710
852 4 _aES-MaACL
_jB-13161(4)
999 _c181160
_d181160